000 00572nam a2200181Ia 4500
008 240925s9999 xx 000 0 und d
020 _a9788131726907
082 _a004.22 BIE
100 _aBeiberstein Norbert
245 0 _aService Oriented Architecture (SOA) Compass: bussiness value, planning and enterprise roadmap
250 _a1st
260 _aNew Delhi:
_bPearson Education
_c,2009.
300 _axvi,1026p.
_bNA
_fOriginal
500 _aIncludes Index
600 _aComputer Science
650 _aComputer science, information & general works
942 _cBK
999 _c12362
_d12362